[Event "FRA-ch op-B"]
[Site "Agen"]
[Date "2016.??.??"]
[Round "2"]
[White "Ferret Leger, Gaspard"]
[Black "Partinico, Jeremy"]
[Result "1/2-1/2"]
[WhiteElo "1877"]
[BlackElo "1945"]
[PlyCount "138"]
[EventDate "2016.08.12"]
[EventType "swiss"]
[EventRounds "9"]
[EventCountry "FRA"]
[SourceTitle "EXT 2017"]
[Source "ChessBase"]
[SourceDate "2016.10.25"]
[SourceVersion "1"]
[SourceVersionDate "2016.10.25"]
[SourceQuality "1"]

1. c4 Nf6 2. Nc3 e6 3. e4 d5 4. e5 d4 5. exf6 dxc3 6. bxc3 Qxf6 7. d4 e5 8. Nf3 exd4 9. Bg5 Qe6+ 10. Be2 Be7 11. cxd4 Bxg5 12. Nxg5 Qg6 13. Qd2 h6 14. Nf3 0-0 15. 0-0 Bh3 16. Nh4 Qf6 17. Nf3 Qg6 18. Nh4 Qf6 19. Nf3 Bf5 20. Qf4 Re8 21. Rfe1 Nc6 22. Bf1 Rad8 23. d5 Nb4 24. Qxc7 Be4 25. Nd2 Bd3 26. Qa5 Nc2 27. Rxe8+ Rxe8 28. Rc1 Bxf1 29. Kxf1 Qd4 30. Qa4 Qd3+ 31. Kg1 Re2 32. Qxc2 Re1+ 33. Rxe1 Qxc2 34. Nf1 Qxc4 35. Re8+ Kh7 36. d6 Qc6 37. Rd8 Kg6 38. d7 Qc7 39. Ra8 Qxd7 40. Rxa7 Qc6 41. g3 Qf3 42. Ne3 f5 43. Ra4 Qe2 44. Kg2 Kf6 45. Ra5 g6 46. a4 Qd3 47. Rb5 Qe4+ 48. Kg1 Qxa4 49. Rxb7 Qa1+ 50. Nf1 g5 51. Rb5 h5 52. h4 gxh4 53. gxh4 Qd1 54. Kg2 Qg4+ 55. Ng3 f4 56. Rg5 Qxh4 57. Rxh5 Qg4 58. Rh3 Ke5 59. Kh2 fxg3+ 60. Rxg3 Qh5+ 61. Kg2 Kf4 62. Kg1 Qd5 63. Re3 Qc6 64. Kh2 Qc5 65. Kg1 Kg4 66. Kg2 Qd5+ 67. Kg1 Qd2 68. Kg2 Kf4 69. Kg1 Qxe3 1/2-1/2

[Event "Sautron op 15th"]
[Site "Sautron"]
[Date "2015.10.23"]
[Round "3.75"]
[White "Ferret Leger, Gaspard"]
[Black "Equey, Daniel"]
[Result "1-0"]
[WhiteElo "1863"]
[BlackElo "1654"]
[PlyCount "35"]
[EventDate "2015.10.24"]
[EventType "swiss"]
[EventRounds "9"]
[EventCountry "FRA"]
[SourceTitle "EXT 2019"]
[Source "ChessBase"]
[SourceDate "2018.10.10"]
[SourceVersion "1"]
[SourceVersionDate "2018.10.10"]
[SourceQuality "1"]

1. c4 Nf6 2. Nc3 d5 3. cxd5 Nxd5 4. Nf3 g6 5. Qa4+ Bd7 6. Qh4 Nf6 7. e4 Bg7 8. d4 c6 9. Bc4 e6 10. 0-0 Qa5 11. e5 Nd5 12. Ne4 Qc7 13. Nd6+ Kf8 14. Bxd5 exd5 15. Bh6 Be6 16. Qf6 Rg8 17. Ng5 Bxh6 18. Nxe6# 1-0

[Event "Rennes op 6th"]
[Site "Rennes"]
[Date "2013.07.08"]
[Round "4"]
[White "Ferret Leger, Gaspard"]
[Black "Salles, Louis"]
[Result "0-1"]
[WhiteElo "1795"]
[BlackElo "2176"]
[PlyCount "92"]
[EventDate "2013.07.06"]
[EventType "swiss"]
[EventRounds "9"]
[EventCountry "FRA"]
[SourceTitle "CBM 155 Extra"]
[Source "ChessBase"]
[SourceDate "2013.08.26"]
[SourceVersion "1"]
[SourceVersionDate "2013.08.26"]
[SourceQuality "1"]

1. c4 c6 2. Nf3 d5 3. e3 Nf6 4. Nc3 a6 5. b3 Nbd7 6. Bb2 e5 7. Qc2 Bd6 8. Be2 0-0 9. cxd5 cxd5 10. g4 e4 11. Nd4 Nb6 12. d3 exd3 13. Bxd3 Bxg4 14. Rg1 Bh5 15. Nf5 Bg6 16. h4 d4 17. Ne4 Bb4+ 18. Kf1 Nxe4 19. Bxe4 Rc8 20. Qe2 Re8 21. h5 Rxe4 22. hxg6 hxg6 23. Nxd4 Qd7 24. Qf3 Rce8 25. Rg3 Rh4 26. Rd1 Bf8 27. Ke2 Qd5 28. Qxd5 Nxd5 29. Nf3 Rh5 30. Rg5 Nf4+ 31. Kf1 Ne6 32. Rgd5 Rxd5 33. Rxd5 Rc8 34. Ke2 Rc2+ 35. Rd2 Rxd2+ 36. Nxd2 f6 37. Kd3 Kf7 38. Nc4 Nc5+ 39. Ke2 Ke6 40. Kf3 Nd7 41. e4 g5 42. Bc3 Bd6 43. Ne3 g6 44. Kg4 Nc5 45. f3 Nd3 46. Nc4 Nf2# 0-1

[Event "Rennes Masters op"]
[Site "Rennes"]
[Date "2013.04.01"]
[Round "5"]
[White "Ferret Leger, Gaspard"]
[Black "Lavanant, Alexandre"]
[Result "0-1"]
[WhiteElo "1785"]
[BlackElo "2031"]
[PlyCount "66"]
[EventDate "2013.03.30"]
[EventType "tourn"]
[EventRounds "7"]
[EventCountry "FRA"]
[SourceTitle "EXT 2014"]
[Source "ChessBase"]
[SourceDate "2013.11.20"]
[SourceVersion "1"]
[SourceVersionDate "2013.11.20"]
[SourceQuality "1"]

1. c4 e5 2. Nc3 Nc6 3. g3 f5 4. Bg2 Nf6 5. e3 Bb4 6. Nge2 Bxc3 7. Nxc3 d6 8. d3 0-0 9. 0-0 Kh8 10. Rb1 a5 11. a3 Ne7 12. b4 axb4 13. axb4 c6 14. f4 Qc7 15. d4 e4 16. b5 d5 17. b6 Qd8 18. cxd5 Nexd5 19. Nxd5 Nxd5 20. Qb3 Be6 21. Ba3 Re8 22. Bc5 Nxf4 23. Qb2 Ra2 24. Rxf4 Rxb2 25. Rxb2 Qa8 26. Rf1 Qa6 27. g4 Bc4 28. Re1 fxg4 29. Rf2 h5 30. Rf5 g6 31. Rf4 Bd5 32. Ref1 Qd3 33. Re1 Qd2 0-1

[Event "Rennes Masters op"]
[Site "Rennes"]
[Date "2013.03.30"]
[Round "1"]
[White "Ferret Leger, Gaspard"]
[Black "Alanic, Xavier"]
[Result "0-1"]
[WhiteElo "1785"]
[BlackElo "2245"]
[PlyCount "76"]
[EventDate "2013.03.30"]
[EventType "tourn"]
[EventRounds "7"]
[EventCountry "FRA"]
[SourceTitle "EXT 2014"]
[Source "ChessBase"]
[SourceDate "2013.11.20"]
[SourceVersion "1"]
[SourceVersionDate "2013.11.20"]
[SourceQuality "1"]

1. c4 e5 2. Nc3 Nf6 3. Nf3 d6 4. g3 g6 5. Bg2 Bg7 6. 0-0 0-0 7. d3 c6 8. Rb1 Re8 9. b4 a6 10. a4 Nfd7 11. Nd2 Qe7 12. b5 axb5 13. axb5 Nc5 14. Bb2 Bf5 15. Ra1 Qd7 16. Qc2 Bh3 17. Ba3 Bxg2 18. Kxg2 Ne6 19. Nde4 d5 20. Nd6 Rd8 21. Na4 Ng5 22. f3 Qh3+ 23. Kg1 e4 24. dxe4 dxe4 25. Bc5 Nd7 26. Nxb7 Nxc5 27. Nxd8 Bd4+ 28. Kh1 exf3 29. exf3 Bxa1 30. Rxa1 Rxa4 31. Re1 Qd7 32. Nxc6 Ra8 33. Qc3 Re8 34. Rxe8+ Qxe8 35. Ne5 f6 36. Ng4 Qe2 37. Qa1 Qxf3+ 38. Kg1 Nh3# 0-1

[Event "Rennes op"]
[Site "Rennes"]
[Date "2012.04.08"]
[Round "3.6"]
[White "Ferret Leger, Gaspard"]
[Black "Maulana, Kahfi"]
[Result "0-1"]
[WhiteElo "1811"]
[BlackElo "1987"]
[PlyCount "48"]
[EventDate "2012.04.07"]
[EventType "swiss"]
[EventRounds "6"]
[EventCountry "FRA"]
[SourceTitle "EXT 2014"]
[Source "ChessBase"]
[SourceDate "2013.11.20"]
[SourceVersion "1"]
[SourceVersionDate "2013.11.20"]
[SourceQuality "1"]

1. c4 e5 2. Nc3 Nf6 3. Nf3 Nc6 4. d4 exd4 5. Nxd4 g6 6. Nxc6 bxc6 7. g3 Bg7 8. Bg2 0-0 9. 0-0 Rb8 10. Qa4 a6 11. Rd1 Qe7 12. Bf4 Rb4 13. Qa3 Re8 14. Bxc7 Rxc4 15. Bd6 Qe6 16. e3 Ng4 17. Ne2 Qf5 18. Rf1 Rc2 19. Nd4 Bxd4 20. exd4 Rxf2 21. Rfe1 Rxg2+ 22. Kxg2 Qf2+ 23. Kh3 Qxh2+ 24. Kxg4 Qh5+ 0-1

[Event "Sautron op 11th"]
[Site "Sautron"]
[Date "2011.10.26"]
[Round "2"]
[White "Ferret Leger, Gaspard"]
[Black "Aubry, Yannis"]
[Result "0-1"]
[WhiteElo "1810"]
[BlackElo "2031"]
[PlyCount "50"]
[EventDate "2011.10.22"]
[EventType "swiss"]
[EventRounds "9"]
[EventCountry "FRA"]
[SourceTitle "EXT 2016"]
[Source "ChessBase"]
[SourceDate "2015.10.08"]
[SourceVersion "1"]
[SourceVersionDate "2015.10.08"]
[SourceQuality "1"]

1. e4 c5 2. Nc3 Nc6 3. g3 g6 4. Bg2 Bg7 5. d3 e6 6. f4 Nge7 7. Nf3 d5 8. exd5 exd5 9. 0-0 0-0 10. Re1 a6 11. Rb1 h6 12. Bd2 Be6 13. a3 b5 14. Re2 Rc8 15. Be1 Nd4 16. Rd2 Nxf3+ 17. Bxf3 d4 18. Ne4 f5 19. Nf2 Nd5 20. Re2 Ne3 21. Qd2 c4 22. Qa5 Qxa5 23. Bxa5 cxd3 24. Nxd3 Rxc2 25. Nb4 Rxe2 0-1

[Event "Bretagne-ch U14"]
[Site "Ploermel"]
[Date "2007.02.14"]
[Round "3"]
[White "Juif, Alexandre"]
[Black "Ferret Leger, Gaspard"]
[Result "1/2-1/2"]
[WhiteElo "1540"]
[BlackElo "1199"]
[PlyCount "107"]
[EventDate "2007.02.13"]
[EventType "tourn"]
[EventRounds "6"]
[EventCountry "FRA"]
[SourceTitle "EXT 2008"]
[Source "ChessBase"]
[SourceDate "2007.11.25"]
[SourceVersion "1"]
[SourceVersionDate "2007.11.25"]
[SourceQuality "1"]

1. c4 e5 2. e3 Nc6 3. g3 Bc5 4. a3 a5 5. Bg2 Nge7 6. Ne2 d6 7. 0-0 0-0 8. d4 exd4 9. exd4 Bb6 10. Bg5 Bd7 11. Nbc3 f6 12. Be3 Ng6 13. Re1 Qc8 14. Qd2 Nce7 15. b4 a4 16. c5 dxc5 17. dxc5 Ba7 18. Red1 Bh3 19. Nxa4 Bxg2 20. Kxg2 Qe8 21. Nac3 Rd8 22. Qxd8 Qxd8 23. Rxd8 Rxd8 24. Rd1 Rxd1 25. Nxd1 c6 26. f4 Nf5 27. Kf3 Kf7 28. Ndc3 Ke6 29. g4 Nfh4+ 30. Ke4 Kd7 31. Bf2 Kc7 32. f5 b6 33. cxb6+ Bxb6 34. Bxb6+ Kxb6 35. fxg6 Nxg6 36. Nf4 Ne5 37. Ne6 g6 38. g5 Nd7 39. gxf6 Nxf6+ 40. Ke5 Ng4+ 41. Kf4 Nxh2 42. Kg5 Nf3+ 43. Kh6 Ne5 44. Kxh7 Nc4 45. a4 g5 46. Nxg5 c5 47. a5+ Nxa5 48. bxa5+ Kxa5 49. Nge4 Kb4 50. Kg6 Ka5 51. Kf5 Kb4 52. Ke6 Kc4 53. Na4 Kd3 54. Naxc5+ 1/2-1/2